000 00832 a2200193 4500
003 Nust
005 20230123124639.0
010 _a 99045753
020 _a0140297049
040 _cNust
082 0 0 _a813.54,HAM
100 1 _aHamid, Mohsin,
_962858
245 1 0 _aMoth smoke /
_cMohsin Hamid.
250 _a1st ed.
260 _aNew York :
_bFarrar, Straus, and Giroux,
_c2000.
300 _a244 p. ;
_c22 cm.
505 _aOne (Page-5), Judgment (Page-7), Two (Page-10), Opening the Purple Box (Page-35), Three (Page-39), The Big Man (Page-59), Four (Page-72), What Lovely Weather We’re Having (Page-101), Five (Page-111), The Wife and Mother (Page-147), Six (Page-159), The Best Friend (Page-184), Seven (Page-195), Judgment (Page-234), Eight (Page-237), The Wife and Mother (Page-241), Nine (Page-245).
942 _2ddc
_cBK
999 _c186798
_d186798